000 00308nam a22001337a 4500
008 170817b xxu||||| |||| 00| 0 eng d
020 _a9780321599193
041 _aeng
080 _25 ED
_a51
100 _a36
101 _aMAT
245 _aBASIC COLLEGE MATHEMATICS
_cBITTINGER.M.L
942 _2udc
_cBK
999 _c23899
_d23899